Online
Catalog

The burglar in the library : (Record no. 17616)

MARC details
000 -CABECERA
campo de control de longitud fija 00569cam a2200181 a 4500
001 - NÚMERO DE CONTROL
campo de control 000018094
005 - FECHA Y HORA DE LA ÚLTIMA TRANSACCIÓN
campo de control 20200929165342.0
008 - DATOS DE LONGITUD FIJA--INFORMACIÓN GENERAL
campo de control de longitud fija 961108s1998 nyu 000 1 eng d
040 ## - FUENTE DE LA CATALOGACIÓN
Centro catalogador/agencia de origen DO-SdBNP
Lengua de catalogación eng
Centro/agencia transcriptor BNPHU
Centro/agencia modificador BNPHU
082 ## - NÚMERO DE LA CLASIFICACIÓN DECIMAL DEWEY
Número de clasificación 813.54
Número de documento/Ítem B651b
100 1# - ENTRADA PRINCIPAL--NOMBRE DE PERSONA
Nombre de persona Block, Lawrence.
9 (RLIN) 39225
245 14 - MENCIÓN DE TÍTULO
Título The burglar in the library :
Resto del título a Bernie Rhodenbarr mystery /
Mención de responsabilidad, etc. Lawrence Block.
260 ## - PUBLICACIÓN, DISTRIBUCIÓN, ETC.
Lugar de publicación, distribución, etc. New York :
Nombre del editor, distribuidor, etc. Penguin Group,
Fecha de publicación, distribución, etc. 1998.
300 ## - DESCRIPCIÓN FÍSICA
Extensión 368 p. ;
Dimensiones 18 cm.
490 1# - MENCIÓN DE SERIE
Mención de serie A Signet Book
650 #4 - PUNTO DE ACCESO ADICIONAL DE MATERIA--TÉRMINO DE MATERIA
Término de materia o nombre geográfico como elemento de entrada Novela estadounidense
9 (RLIN) 262
650 #4 - PUNTO DE ACCESO ADICIONAL DE MATERIA--TÉRMINO DE MATERIA
Término de materia o nombre geográfico como elemento de entrada Literatura estadounidense
9 (RLIN) 263
Holdings
Estado de retiro Estado de pérdida Restricciones de uso No para préstamo Código de colección Localización permanente Ubicación/localización actual Ubicación en estantería Fecha de adquisición Número de inventario Total de préstamos Signatura topográfica completa Código de barras Fecha visto por última vez Precio válido a partir de Tipo de ítem Koha
      Excluido de préstamo Monografías: Libros y Folletos General General Depósito 14.04.2010 LF1   813.54 B651b 18094-10 25.06.2020 25.06.2020 No se presta
        Monografías: Libros y Folletos Patrimonio Dominicano Patrimonio Dominicano Orden iniciada 19.05.2017 LF1   813.54 B651b 18094-20 25.06.2020 25.06.2020 No se presta

Powered by Koha